मॅडम (Record no. 328380)

MARC details
000 -LEADER
fixed length control field 00462nam a2200169Ia 4500
008 - FIXED-LENGTH DATA ELEMENTS--GENERAL INFORMATION
fixed length control field 090711s9999 xx 000 0 und d
082 ## - DEWEY DECIMAL CLASSIFICATION NUMBER
Item number 190
100 ## - MAIN ENTRY--PERSONAL NAME
Personal name काकडे द. स.
245 ## - TITLE STATEMENT
Title मॅडम
260 ## - PUBLICATION, DISTRIBUTION, ETC. (IMPRINT)
Name of publisher, distributor, etc एस.के. पब्लिशिंग हाऊस
Date of publication, distribution, etc 1998
300 ## - PHYSICAL DESCRIPTION
Extent 158
600 ## - SUBJECT ADDED ENTRY--PERSONAL NAME
Personal name काकडे द. स.
630 ## - SUBJECT ADDED ENTRY--UNIFORM TITLE
Uniform title मॅडम
700 ## - ADDED ENTRY--PERSONAL NAME
Personal name काकडे द. स.
730 ## - ADDED ENTRY--UNIFORM TITLE
Uniform title मॅडम
942 ## - ADDED ENTRY ELEMENTS (KOHA)
Koha item type Book

No items available.